000 01063nam a2200313 i 4500
001 000016601
003 DO-SdBNP
005 20250911094734.0
007 ta
008 100308s1985 dr 001 0 spa d
040 _aDO-SdBNP
_bspa
_cBNPHU
_erda
041 _aspa
049 _aBNPD
082 4 _a796.1357
_bB142p
_222
100 1 _aBáez Vargas, Manuel Joaquín,
_eautor
_4aut.
_936891
245 1 0 _aPasión deportiva /
_cManuel Joaquín Báez Vargas ; prólogo, Francisco Ulises Dimínguez.
264 1 _aSanto Domingo :
_bEditora Corripio,
_c1985.
300 _a332 páginas :
_bilustraciones, retratos ;
_c23 cm.
336 _atexto
_btxt
_2rdacontent
337 _asin mediación
_bn
_2rdamedia
338 _avolumen
_bnc
_2rdacarrier
590 _aLa biblioteca posee 1 ejemplar autografiado
650 4 _aDeportes
_936892
650 4 _aDeportes
_zRepública Dominicana
_919547
650 4 _aBeisbol
_zRepública Dominicana
_936893
650 4 _aFutbol
_918724
700 1 _aUlises Dimínguez, Francisco,
_eprologuista
_4pr.
_936894
942 _2ddc
_cLBS1
999 _c16134
_d16134